Biología ii: ecología y evolución /
Guardado en:
| Autor Principal: | |
|---|---|
| Otros Autores: | , |
| Formato: | Libro |
| Publicado: |
Buenos Aires :
Estrada,
2001
|
| Series: | Estrada Polimodal
|
| Materias: | |
| Etiquetas: |
Agregar Etiqueta
Sin Etiquetas, Sea el primero en etiquetar este registro!
|
| LEADER | 01411nam a22002415a 4500 | ||
|---|---|---|---|
| 001 | CEM.cems013869 | ||
| 005 | 20130424165638.0 | ||
| 008 | 130507s2001##################000#0#####d | ||
| 003 | CEMS | ||
| 020 | |a 9500107937 | ||
| 082 | 0 | 4 | |a 574.5 |
| 100 | 1 | |a Bocalandro, Noemí | |
| 245 | 1 | 0 | |a Biología ii: ecología y evolución / |c Noemí Bocalandro, Débora Frid y Laura Socolovsky |
| 260 | |a Buenos Aires : |b Estrada, |c 2001 | ||
| 300 | |a 255 p. | ||
| 490 | 0 | |a Estrada Polimodal | |
| 505 | 0 | |a Los Sistemas naturales desde un enfoque ecológico -- Las poblaciones -- La comunidad: relaciones entre las poblaciones -- El ambiente físico y la vida -- La energía y la materia en los ecosistemas -- Dinámica de los ecosistemas -- La investigación en el campo de la Ecología -- La teoría de la Evolución: historia y evidencias -- Los mecanismos del proceso evolutivo -- El origen de las especies -- La diversidad de los seres vivos -- Historia de la vida en la Tierra -- La sociedad y la Teoría de la Evolución -- Evolución de la especie humana -- Actividad humana a través del tiempo -- Población humana: crecimiento y regulación -- El hombre y el ambiente -- Impacto ambiental -- Protección del ambiente | |
| 653 | |a Biología | ||
| 653 | |a Ecología | ||
| 653 | |a Evolución | ||
| 700 | 1 | |a Frid, Débora | |
| 700 | 1 | |a Socolovsky, Laura | |
| 859 | |a CEMS |b BIB. CEMS - 11 de abril |h 574.5 |i B63 |p 26587.13 |t Ej.1 |v 2º |3 2º | ||
